Essentials mathematics for economists
| Main Author: | Black, J |
|---|---|
| Other Authors: | Bradley, J.F |
| Published: |
Chichester:
John Wiley & Sons,
1980.
|
| Edition: | 2nd ed. |
| Subjects: |
| LEADER | 00594cam a2200193 7i4500 | ||
|---|---|---|---|
| 001 | 0000039361 | ||
| 005 | 20170218090000.0 | ||
| 020 | |a 047127660x (pbk.) | ||
| 090 | 0 | 0 | |a HB135 |b .B42 1980 |
| 100 | 1 | |a Black, J | |
| 245 | 1 | 0 | |a Essentials mathematics for economists |c J. Black, J.F. Bradley. |
| 250 | |a 2nd ed. | ||
| 260 | |a Chichester: |b John Wiley & Sons, |c 1980. | ||
| 300 | |a x, 316 p.; |c 23 cm. | ||
| 650 | 0 | 0 | |a Economics, Mathematical |
| 650 | 0 | 0 | |a Business mathematics |
| 700 | 1 | |a Bradley, J.F | |
| 997 | |a Business & Accountancy, Faculty | ||
| 999 | |a 0000022315 |b BOK |c OPEN SHELF |e 1st Floor, Shah Alam | ||


